Súčasné trendy influencer marketingu na Slovensku bakalárska práca

Gespeichert in:
Bibliographische Detailangaben
1. Verfasser: Kašayová, Lívia
Körperschaft: Podnikovohospodárska fakulta EU so sídlom v Košiciach. Katedra obchodného podnikania
Weitere Verfasser: Murin, Viliam, 1994-
Format: Buch
Sprache:Slowakisch
Veröffentlicht: Košice 2024
Tags: Tag hinzufügen
Keine Tags, Fügen Sie das erste Tag hinzu!

MARC

LEADER 00000nbm a2200000 4500
001 0301502
005 20250120135459.6
041 0 |a slo 
044 |a SK 
245 1 0 |a Súčasné trendy influencer marketingu na Slovensku  |b bakalárska práca  |c Lívia Kašayová ; školiteľ: Viliam Murin 
264 1 |a Košice  |c 2024 
300 |a 50 s. 
100 1 |a Kašayová, Lívia 
700 1 |a Murin, Viliam, 1994- 
710 2 |a Podnikovohospodárska fakulta EU so sídlom v Košiciach. Katedra obchodného podnikania